rów babicze - E-PUSIA - Statystyki

Ogólne statystyki
  • Ten quiz został rozwiązany 13 razy
  • Średni wynik to 5 z 6
Statystyki odpowiedzi
E-PUSIA % Poprawnych
BERLIN2023
100%
KISZONE KISZONE
88%
PORCELANA FREESTYLE
88%
POR FAWÓR
88%
W GORĄCEJ WODZIE COMPANY
88%
JEAN-CLAUD BARDAL
50%
Nie znaleziono quizów pasujących do podanych kryteriów
Rozkład punktacji
Procent ludzi z każdym wynikiem
Percentyl według liczby udzielonych odpowiedzi
Twoja historia wyników
Nie rozwiązałeś tego quizu